[Event "Titled Tuesday intern op 03rd Jan Late"]
[Site "Chess.com INT"]
[Date "2025.06.03"]
[Round "7"]
[White "Daianu, Cristian Clement"]
[Black "Matta, Vinay Kumar"]
[Result "0-1"]
[WhiteElo "2205"]
[BlackElo "2120"]
[PlyCount "86"]
[EventDate "2025.06.03"]
[EventType "swiss (blitz)"]
[EventRounds "11"]
[EventCountry "USA"]
[SourceTitle "CB24_2025"]
[SourceDate "2025.06.11"]
[SourceVersion "1"]
[SourceVersionDate "2025.06.11"]
[SourceQuality "1"]

1. e4 e5 2. Nc3 Nf6 3. f4 d5 4. fxe5 Nxe4 5. Qf3 Nc6 6. Nxe4 Nd4 7. Qf2 dxe4 8. d3 Bc5 9. Be3 Nxc2+ 10. Qxc2 Bxe3 11. Qa4+ c6 12. Qxe4 Qa5+ 13. b4 Qb6 14. Nf3 Be6 15. a3 0-0 16. d4 Bh6 17. Bd3 g6 18. 0-0 Rad8 19. Qh4 Be3+ 20. Kh1 Bd5 21. Be4 Bxe4 22. Qxe4 Bxd4 23. e6 Bxa1 24. e7 Bg7 25. Ng5 Qf2 26. exf8Q+ Bxf8 27. Qc4 b5 28. Qc1 Qd2 29. Qb1 Qxg5 30. Qb3 Qd5 31. Qe3 Qd3 32. Qf2 Rd7 33. h3 h5 34. Qf6 Bg7 35. Qf4 Qd4 36. Qb8+ Kh7 37. Qe8 Qd5 38. Qe3 c5 39. bxc5 Bd4 40. Qe2 Qxc5 41. Qa2 Kg7 42. a4 b4 43. Qb3 Bc3 0-1

[Event "Titled Tuesday intern op 03rd Jan Late"]
[Site "Chess.com INT"]
[Date "2025.06.03"]
[Round "5"]
[White "Drygalov, Andrey"]
[Black "Matta, Vinay Kumar"]
[Result "1-0"]
[WhiteElo "2431"]
[BlackElo "2120"]
[PlyCount "63"]
[EventDate "2025.06.03"]
[EventType "swiss (blitz)"]
[EventRounds "11"]
[EventCountry "USA"]
[SourceTitle "CB24_2025"]
[SourceDate "2025.06.11"]
[SourceVersion "1"]
[SourceVersionDate "2025.06.11"]
[SourceQuality "1"]

1. e4 e5 2. Nf3 Nc6 3. Bc4 Bc5 4. 0-0 Nf6 5. d3 h6 6. c3 d6 7. Re1 Bb6 8. Bb3 0-0 9. h3 Ne7 10. Nbd2 Ng6 11. Nf1 Re8 12. Ng3 c6 13. d4 Be6 14. Bc2 Qd7 15. Be3 Rad8 16. Qd2 exd4 17. Bxd4 Bxd4 18. Nxd4 d5 19. e5 Nh7 20. f4 c5 21. Nxe6 Rxe6 22. f5 Rxe5 23. fxg6 Rxe1+ 24. Rxe1 fxg6 25. Bxg6 Nf6 26. Nh5 Nxh5 27. Bxh5 Qf5 28. Bg4 Qf6 29. Qf2 Qb6 30. Re7 Kh8 31. Qf7 c4+ 32. Kh1 1-0

[Event "Bhubaneswar op 16th"]
[Site "Bhubaneswar"]
[Date "2025.05.13"]
[Round "6"]
[White "Anirudh, R."]
[Black "Matta, Vinay Kumar"]
[Result "0-1"]
[WhiteElo "1855"]
[BlackElo "2120"]
[PlyCount "50"]
[EventDate "2025.05.09"]
[EventType "swiss"]
[EventRounds "10"]
[EventCountry "IND"]
[SourceTitle "CB21_2025"]
[SourceDate "2025.05.21"]
[SourceVersion "1"]
[SourceVersionDate "2025.05.21"]
[SourceQuality "1"]

1. d4 Nf6 2. Nf3 g6 3. Nc3 d5 4. Bf4 Bg7 5. e3 0-0 6. Be2 c5 7. Ne5 cxd4 8. exd4 Nc6 9. Qd2 Bf5 10. g4 Nxe5 11. gxf5 Nc4 12. Bxc4 dxc4 13. 0-0-0 Qa5 14. Rhe1 Qxf5 15. Rxe7 Nd5 16. Nxd5 Qxd5 17. Be5 Rfe8 18. Qb4 c3 19. Rxe8+ Rxe8 20. Qxc3 Bh6+ 21. f4 Rxe5 22. Qc8+ Kg7 23. c4 Bxf4+ 24. Kb1 Qe4+ 25. Ka1 Qxd4 0-1

[Event "Bhubaneswar op 16th"]
[Site "Bhubaneswar"]
[Date "2025.05.11"]
[Round "4"]
[White "Nguyen, Van Huy"]
[Black "Matta, Vinay Kumar"]
[Result "1-0"]
[WhiteElo "2337"]
[BlackElo "2120"]
[PlyCount "111"]
[EventDate "2025.05.09"]
[EventType "swiss"]
[EventRounds "10"]
[EventCountry "IND"]
[SourceTitle "CB21_2025"]
[SourceDate "2025.05.21"]
[SourceVersion "1"]
[SourceVersionDate "2025.05.21"]
[SourceQuality "1"]

1. d4 Nf6 2. Nf3 g6 3. Bg5 Bg7 4. Nbd2 0-0 5. c3 d5 6. e3 b6 7. Bd3 Ba6 8. Bxa6 Nxa6 9. Qe2 Nb8 10. 0-0 c5 11. Rfd1 Nbd7 12. e4 cxd4 13. Nxd4 dxe4 14. Nxe4 Qc7 15. Nxf6+ Nxf6 16. Qf3 a6 17. Re1 Qc5 18. Bh4 Rfe8 19. Nc6 e6 20. Ne5 Qd5 21. Qf4 Qd8 22. Rad1 Qe7 23. Rd7 Nxd7 24. Bxe7 Nxe5 25. Qh4 Nd3 26. Re2 h6 27. Qe4 Ne5 28. Bd6 f5 29. Qc2 Nc4 30. Bf4 Rad8 31. Bc1 Rd5 32. b3 Red8 33. h3 Rd3 34. Re1 Bxc3 35. Rf1 Ne5 36. Bxh6 Nf7 37. Bc1 b5 38. g3 e5 39. h4 b4 40. Kg2 e4 41. Bf4 R8d5 42. Qe2 Ne5 43. Bxe5 Bxe5 44. h5 g5 45. g4 e3 46. gxf5 exf2 47. Rxf2 Rg3+ 48. Kf1 Rc5 49. Qd1 Bf6 50. h6 Rh3 51. Qd6 Rc1+ 52. Kg2 Rxh6 53. Qe6+ Kf8 54. Re2 Rg1+ 55. Kxg1 Bd4+ 56. Kg2 1-0

[Event "Kottayam op"]
[Site "Kottayam"]
[Date "2025.05.06"]
[Round "9"]
[White "Matta, Vinay Kumar"]
[Black "Movsziszian, Karen"]
[Result "0-1"]
[WhiteElo "2120"]
[BlackElo "2417"]
[PlyCount "122"]
[EventDate "2025.04.30"]
[EventType "swiss"]
[EventRounds "10"]
[EventCountry "IND"]
[SourceTitle "CB19_2025"]
[SourceDate "2025.05.07"]
[SourceVersion "1"]
[SourceVersionDate "2025.05.07"]
[SourceQuality "1"]

1. e4 g6 2. d4 Bg7 3. Nf3 d6 4. Nc3 a6 5. Be3 Nd7 6. Bc4 e6 7. a4 Ne7 8. Qd2 h6 9. 0-0 b6 10. Ne1 Bb7 11. d5 e5 12. g3 f5 13. f3 Nf6 14. Qg2 0-0 15. Nd3 Kh7 16. Rad1 Qd7 17. h3 g5 18. g4 fxe4 19. fxe4 Ng6 20. Qe2 Nf4 21. Bxf4 gxf4 22. Ne1 Rg8 23. Kh2 Bf8 24. Rg1 Be7 25. Nf3 Rg7 26. Rg2 Bc8 27. Rh1 h5 28. Kg1 hxg4 29. hxg4+ Kg8 30. Nxe5 dxe5 31. d6+ Kf8 32. Rh8+ Ng8 33. Bxg8 Rxg8 34. Rxg8+ Kxg8 35. Qc4+ Kg7 36. dxe7 Qxe7 37. Nd5 Qc5+ 38. Qxc5 bxc5 39. Nxc7 Rb8 40. Ne8+ Kg6 41. Nd6 Be6 42. b3 Kg5 43. Nf5 c4 44. bxc4 Rc8 45. Nd6 Rc6 46. Rd2 Kxg4 47. Kf2 Bxc4 48. Rd1 Be6 49. c4 Bxc4 50. Rg1+ Kh5 51. Nf5 Be6 52. Rh1+ Kg5 53. Rg1+ Kf6 54. Rg6+ Kxg6 55. Ne7+ Kf6 56. Nxc6 Bc4 57. Na5 Bd3 58. Kf3 Bc2 59. Nc6 Bxa4 60. Nb4 Bd1+ 61. Kf2 a5 0-1

[Event "Bengaluru Namma op 2nd"]
[Site "Bengaluru"]
[Date "2025.04.15"]
[Round "7"]
[White "Sanikidze, Tornike"]
[Black "Matta, Vinay Kumar"]
[Result "1-0"]
[WhiteElo "2448"]
[BlackElo "2054"]
[PlyCount "99"]
[EventDate "2025.04.10"]
[EventType "swiss"]
[EventRounds "10"]
[EventCountry "IND"]
[SourceTitle "CB18_2025"]
[SourceDate "2025.04.30"]
[SourceVersion "1"]
[SourceVersionDate "2025.04.30"]
[SourceQuality "1"]

1. d4 d5 2. c4 c6 3. Nf3 Nf6 4. Nc3 e6 5. Bg5 Nbd7 6. e3 Qa5 7. Nd2 Bb4 8. Rc1 Ne4 9. Ndxe4 dxe4 10. Bh4 Qxa2 11. Qc2 Nb6 12. Kd1 Bxc3 13. bxc3 Qa5 14. c5 Nd5 15. c4 Nb4 16. Qd2 Qa4+ 17. Ke1 a5 18. f3 Qb3 19. Kf2 a4 20. Be2 Nd3+ 21. Bxd3 exd3 22. Rc3 Qb4 23. Qxd3 0-0 24. Bg3 Qa5 25. Ra3 b5 26. cxb6 Qxb6 27. Rb1 Qd8 28. Rb4 c5 29. Rbxa4 Rxa4 30. Rxa4 Bb7 31. Qb3 cxd4 32. Qxb7 dxe3+ 33. Kxe3 Qg5+ 34. Ke2 Rd8 35. Qb2 h5 36. Kf1 h4 37. Be1 h3 38. gxh3 Qf5 39. Ra3 Rd1 40. Qe2 Rd4 41. h4 e5 42. Re3 f6 43. Re4 Rd8 44. c5 Rc8 45. Qc4+ Kh8 46. Kg2 Rb8 47. c6 Rb2+ 48. Re2 e4 49. Rxb2 Qxf3+ 50. Kg1 1-0

[Event "IND-ch Blitz"]
[Site "Mahilong"]
[Date "2025.03.23"]
[Round "10"]
[White "Aronyak, Ghosh"]
[Black "Matta, Vinay Kumar"]
[Result "1-0"]
[WhiteElo "2450"]
[BlackElo "2263"]
[PlyCount "53"]
[EventDate "2025.03.23"]
[EventType "swiss (blitz)"]
[EventRounds "11"]
[EventCountry "IND"]
[SourceTitle "CB13_2025"]
[SourceDate "2025.03.26"]
[SourceVersion "1"]
[SourceVersionDate "2025.03.26"]
[SourceQuality "1"]

1. Nf3 Nf6 2. d4 d5 3. Bf4 c5 4. c3 cxd4 5. cxd4 Nc6 6. Nc3 a6 7. e3 e6 8. Rc1 Be7 9. h3 0-0 10. Bd3 Bd7 11. 0-0 Rc8 12. Ne5 Be8 13. a3 Nxe5 14. Bxe5 Nd7 15. Bg3 Nb6 16. Qb3 Bd6 17. Bxd6 Qxd6 18. Rc2 Bd7 19. Rfc1 g6 20. a4 Rc7 21. a5 Nc4 22. Qa2 Rfc8 23. Bxc4 Rxc4 24. Ne4 Rxc2 25. Nxd6 Rxc1+ 26. Kh2 Bc6 27. Nxc8 1-0

[Event "IND-ch Blitz"]
[Site "Mahilong"]
[Date "2025.03.23"]
[Round "8"]
[White "Das, Sayantan"]
[Black "Matta, Vinay Kumar"]
[Result "1-0"]
[WhiteElo "2369"]
[BlackElo "2263"]
[PlyCount "97"]
[EventDate "2025.03.23"]
[EventType "swiss (blitz)"]
[EventRounds "11"]
[EventCountry "IND"]
[SourceTitle "CB13_2025"]
[SourceDate "2025.03.26"]
[SourceVersion "1"]
[SourceVersionDate "2025.03.26"]
[SourceQuality "1"]

1. e4 e5 2. Nf3 Nc6 3. Bb5 a6 4. Ba4 Nf6 5. d4 exd4 6. 0-0 Bc5 7. e5 Nd5 8. c3 0-0 9. cxd4 Ba7 10. Bb3 Nce7 11. Bg5 f6 12. exf6 gxf6 13. Bh6 Rf7 14. Nc3 c6 15. Re1 Kh8 16. Nxd5 cxd5 17. Nh4 d6 18. Qh5 Qg8 19. Bxd5 Nxd5 20. Qxd5 Bd7 21. Qc4 Rc8 22. Qd3 Qg4 23. Qg3 Qxg3 24. hxg3 Bxd4 25. Rad1 Bc5 26. Be3 Bg4 27. Rd2 Bb4 28. Rf1 Bxd2 29. Bxd2 Rc2 30. Bc3 Kg7 31. Re1 Re2 32. Rc1 Rfe7 33. f3 Bd7 34. g4 Kf7 35. Kh2 Rf2 36. Kg3 Ree2 37. Bd4 Rc2 38. Re1 Rfe2 39. Rh1 Kg7 40. g5 Rxb2 41. gxf6+ Kf7 42. Bxb2 Rxb2 43. Rd1 Rxa2 44. Rxd6 Be6 45. Rb6 Kxf6 46. Rxb7 h6 47. Rh7 a5 48. Rxh6+ Ke7 49. Ng6+ 1-0

[Event "IND-ch Rapid"]
[Site "Mahilong"]
[Date "2025.03.20"]
[Round "3"]
[White "Karthik, Venkataraman"]
[Black "Matta, Vinay Kumar"]
[Result "1-0"]
[WhiteElo "2461"]
[BlackElo "2042"]
[PlyCount "71"]
[EventDate "2025.03.20"]
[EventType "tourn (rapid)"]
[EventRounds "11"]
[EventCountry "IND"]
[SourceTitle "CB13_2025"]
[SourceDate "2025.03.26"]
[SourceVersion "1"]
[SourceVersionDate "2025.03.26"]
[SourceQuality "1"]

1. e4 e5 2. Nf3 Nc6 3. Nc3 Nf6 4. Bb5 Bb4 5. 0-0 0-0 6. Bxc6 dxc6 7. d3 Bxc3 8. bxc3 Qe7 9. h3 Nh5 10. d4 exd4 11. cxd4 Nf6 12. e5 Nd5 13. a4 Rd8 14. Re1 h6 15. a5 b5 16. Nd2 Bf5 17. Nb3 b4 18. Bd2 Rab8 19. Rc1 Qe6 20. g4 Bh7 21. f4 f5 22. exf6 Qxf6 23. f5 Kh8 24. Re6 Qh4 25. Qf3 Bg8 26. Re4 Qf6 27. Nc5 Nc3 28. Bxc3 bxc3 29. Qxc3 Bd5 30. Re5 h5 31. Qg3 Qg5 32. Nd3 hxg4 33. hxg4 Qd2 34. Rce1 Qxc2 35. Nf4 Rb1 36. Qh4+ 1-0

[Event "Bhubaneswar op-A 15th"]
[Site "Bhubaneswar"]
[Date "2024.12.07"]
[Round "8"]
[White "Matta, Vinay Kumar"]
[Black "Yashad, Bambeshwar"]
[Result "1/2-1/2"]
[WhiteElo "2112"]
[BlackElo "1941"]
[PlyCount "59"]
[EventDate "2024.12.02"]
[EventType "swiss"]
[EventRounds "10"]
[EventCountry "IND"]
[SourceTitle "CB50_2024"]
[SourceDate "2024.11.01"]
[SourceVersion "1"]
[SourceVersionDate "2024.11.01"]
[SourceQuality "2"]

1. d4 Nf6 2. c4 e6 3. Nf3 c5 4. Nc3 cxd4 5. Nxd4 Bb4 6. Nc2 Bxc3+ 7. bxc3 Qa5 8. Qd3 Na6 9. Ba3 Nc5 10. Qd4 b6 11. Bb4 Qa4 12. Ne3 0-0 13. Bxc5 bxc5 14. Qxc5 Ba6 15. Qb4 Qc6 16. Rb1 Rfc8 17. f3 h6 18. Rb3 Rab8 19. Qa5 Bxc4 20. Nxc4 Qxc4 21. e4 Qc6 22. e5 Nd5 23. c4 Qc7 24. Qxc7 Nxc7 25. Be2 Na6 26. Kd2 Nc5 27. Rb5 a6 28. Rbb1 f6 29. exf6 gxf6 30. Bd3 1/2-1/2

[Event "Vijayawad op"]
[Site "Vijayawad"]
[Date "2024.10.24"]
[Round "6"]
[White "Matta, Vinay Kumar"]
[Black "Nidhish, Shyamal"]
[Result "1-0"]
[WhiteElo "2159"]
[BlackElo "1817"]
[PlyCount "75"]
[EventDate "2024.10.22"]
[EventType "swiss"]
[EventRounds "9"]
[EventCountry "IND"]
[SourceTitle "CB16_2025"]
[SourceDate "2025.04.16"]
[SourceVersion "1"]
[SourceVersionDate "2025.04.16"]
[SourceQuality "1"]

1. Nf3 c5 2. g3 Nc6 3. Bg2 g6 4. 0-0 Bg7 5. e4 d6 6. c3 e5 7. a3 Nge7 8. b4 a6 9. d3 0-0 10. Nbd2 b6 11. Nc4 d5 12. Ne3 d4 13. cxd4 cxd4 14. Nc4 f6 15. a4 Be6 16. Bd2 b5 17. Na3 Qb6 18. a5 Qb8 19. Qb1 Qd6 20. Qb2 Rfc8 21. Rac1 Nd8 22. Nc2 Rc7 23. Nfxd4 exd4 24. Bf4 Rxc2 25. Rxc2 Qd7 26. Rc7 Qe8 27. Qxd4 Nec6 28. Qc3 Rc8 29. Rxc8 Bxc8 30. d4 Bd7 31. Bd6 Nb7 32. Bc5 Qf7 33. Rc1 Bf8 34. Bxf8 Qxf8 35. e5 Nbd8 36. e6 Be8 37. d5 Ne5 38. Qc7 1-0

[Event "Vijayawad op"]
[Site "Vijayawad"]
[Date "2024.10.24"]
[Round "5"]
[White "Neelash, Saha"]
[Black "Matta, Vinay Kumar"]
[Result "1-0"]
[WhiteElo "2467"]
[BlackElo "2159"]
[PlyCount "103"]
[EventDate "2024.10.22"]
[EventType "swiss"]
[EventRounds "9"]
[EventCountry "IND"]
[SourceTitle "CB16_2025"]
[SourceDate "2025.04.16"]
[SourceVersion "1"]
[SourceVersionDate "2025.04.16"]
[SourceQuality "1"]

1. Nf3 Nf6 2. g3 g6 3. b3 Bg7 4. Bb2 0-0 5. Bg2 d6 6. d4 c5 7. c4 cxd4 8. Nxd4 d5 9. 0-0 dxc4 10. bxc4 Qb6 11. Qc2 Na6 12. Nd2 Rd8 13. N2b3 e5 14. Nb5 Bf5 15. e4 Bd7 16. a4 Rac8 17. Bxe5 Qe6 18. f4 Rxc4 19. Qe2 Rb4 20. N3d4 Qb6 21. Kh1 Rc8 22. Nd6 Rc5 23. Qa2 Be8 24. N4b5 Qc6 25. Nxa7 Qxa4 26. Qf2 Qc2 27. Bxf6 Bxf6 28. e5 Bd8 29. Nxe8 Rb2 30. Qf3 Bb6 31. Nf6+ Kg7 32. Qxb7 Bxa7 33. Qe4 Rc4 34. Qxc2 Rcxc2 35. Rfb1 Rxb1+ 36. Rxb1 Nc5 37. Ra1 Nd3 38. Rxa7 Rc1+ 39. Bf1 Rxf1+ 40. Kg2 Rf2+ 41. Kg1 Re2 42. Ra8 h5 43. Rg8+ Kh6 44. Ne8 Kh7 45. Rf8 f5 46. exf6 g5 47. fxg5 Ne5 48. f7 Kg6 49. Nd6 Rd2 50. Rg8+ Kh7 51. Rh8+ Kg6 52. f8Q 1-0

[Event "Vijayawad op"]
[Site "Vijayawad"]
[Date "2024.10.23"]
[Round "4"]
[White "Matta, Vinay Kumar"]
[Black "Gagan, Kumar Sahu"]
[Result "1-0"]
[WhiteElo "2159"]
[BlackElo "1843"]
[PlyCount "47"]
[EventDate "2024.10.22"]
[EventType "swiss"]
[EventRounds "9"]
[EventCountry "IND"]
[SourceTitle "CB16_2025"]
[SourceDate "2025.04.16"]
[SourceVersion "1"]
[SourceVersionDate "2025.04.16"]
[SourceQuality "1"]

1. Nf3 Nf6 2. d4 g6 3. Nc3 Bg7 4. e4 d5 5. e5 Ne4 6. Nxe4 dxe4 7. Ng5 f6 8. exf6 exf6 9. Nxe4 f5 10. Ng5 Qxd4 11. Qxd4 Bxd4 12. c3 Bf6 13. Bc4 Nc6 14. 0-0 Ne5 15. Re1 Kf8 16. Rxe5 Bxe5 17. Nf7 Bf6 18. Bh6+ Ke7 19. Re1+ Kd7 20. Nxh8 Bxh8 21. Bg8 b6 22. Bxh7 Bb7 23. Bxg6 Be4 24. f3 1-0